Statistics for Guess the artist

Click here to take the quiz!

General Stats

  • This quiz has been taken 16 times
  • The average score is 6 of 15

Answer Stats

HintAnswer% Correct
Best known for their most recent album (2023) MidnightsTaylor Swift
81%
Known for his iconic style and songs such as 'Sweet Creature'Harry Styles
63%
Became extremely popular after his song 'Stick Season' went viralNoah Kahan
56%
The most streamed artist on Spotify as of 2024The Weeknd
50%
Goes by a nickname, full name Claire CottrillClairo
38%
French singer most famous for 'Alors on Danse'Stromae
38%
Famous for her single 'Good Looking' and is married to Robert PattinsonSuki Waterhouse
38%
Rapper who came out with 'IGOR'Tyler, the creator
38%
Sung 'Glimpse of us' and 'Sanctuary'Joji
31%
Part of the band 'Wallows' and actor in '13 reasons why'Dylan Minnette
25%
Famously recorded his album 'Grace' and tragically died in 1997Jeff Buckley
25%
Indie song writer, sung 'Scott Street'Phoebe Bridgers
25%
Norwegian singer associated with the colour redGirl in Red
19%
The little one in the band BoygeniusJulien Baker
19%
Came out with the album 'French Exit' in 2014TV Girl
6%

Score Distribution

Percentile by Number Answered

Percent of People with Each Score

Your Score History

You have not taken this quiz